Films dont le titre commence par un K - Statistiques

Statistiques générales
  • Ce quiz a été pris 9 fois
  • Le résultat moyen est 4 sur 20
Statistiques - réponses
Année Réalisateur Genre 1 acteur ou
1 actrice
Titre % Correct
1997 A. Arcady Policier Patrick Bruel K
100%
2003 Q. Tarantino Action Yoshiyuki Morishita Kill Bill
78%
2010 H. Zwart Karaté Geliang Liang Karaté Kid
67%
1976 J. Guillermin Fantastique Jessica Lange King Kong
33%
1978 R. Benton Drame Dustin Hoffman Kramer contre Kramer
33%
1933 R. Goupillières Comédie Louis Jouvet Knock
22%
1980 A. Kurosawa Historique Takayuki Shiho Kagemusha
11%
1948 J. Huston Policier Humphrey Bogart Key Largo
11%
1991 S. Soderbergh Policier Jeremy Irons Kafka
0%
1986 D. Grousset Policier Richard Bohringer Kamikaze
0%
1996 R. Altman Comédie dramatique Michael Murphy Kansas City
0%
1998 Th. Vincent Comédie dramatique Karim Attia Karnaval
0%
1998 M. Tourneur Historique Danielle Darrieux Katia
0%
2007 A. Wajda Drame Roman Leus Katyn
0%
1999 S. Karmann Comédie dramatique Jean-Claude Brialy Kennedy et moi
0%
1966 B. Dearden Historique Charlton Heston Khartoum
0%
1935 M. Tourneur Drame Pierre Fresnay Koenigsmark
0%
2009 F. Genestal Thriller Gilles Lellouche Krach
0%
1968 B. L. Kowalski Aventures Maximilian Schell Krakatoa à l'est de Java
0%
1983 P. Yates Fantastique David Battley Krull
0%
Aucun quiz correspondant
Distribution des résultats
% des personnes avec chaque résultat
Percentile par nombre de réponses
Votre historique - résultats
Vous n’avez pas pris ce quiz